[Event "Baku FIDE GP"]
[Site "Baku"]
[Date "2014.10.13"]
[Round "10"]
[White "Dominguez Perez, Leinier"]
[Black "Caruana, Fabiano"]
[Result "0-1"]
[WhiteElo "2751"]
[BlackElo "2844"]
[Annotator "Roiz,M"]
[PlyCount "68"]
[EventDate "2014.10.02"]
[EventType "tourn"]
[EventRounds "11"]
[EventCountry "AZE"]
[EventCategory "21"]
[SourceTitle "CBM 163"]
[Source "ChessBase"]
[SourceDate "2014.11.11"]
[SourceVersion "1"]
[SourceVersionDate "2014.11.11"]
[SourceQuality "1"]

1. c4 c5 2. g3 g6 3. Bg2 Bg7 4. Nc3 Nc6 5. Rb1 ({Usually White starts with} 5.
a3 {- in some lines White may push b2-b4 without spending a tempo on a rook
move.}) 5... b6 {A solid setup. Black completes the development of his q-side
pieces and stabilises the pawn structure on the queenside.} ({Of course, there
are different ways to handle this position. The following alternative looks
quite attractive:} 5... Nf6 6. a3 O-O 7. b4 cxb4 8. axb4 a5 $5 {Not necessary,
but interesting!} 9. bxa5 (9. b5 $6 Nb4 10. Ba3 d5 $36) 9... Rxa5 10. d3 d5 $5
11. cxd5 Nxd5 12. Nxd5 Rxd5 13. Bxd5 Qxd5 $44) 6. a3 Bb7 7. b4 d6 {Fabiano is
looking for a complex fight.} (7... Rb8 {was sufficient for equality as well:}
8. bxc5 bxc5 9. Na4 (9. Nf3 Nh6 10. O-O Nf5 $11) 9... Na5 10. Bxb7 Rxb7 11.
Rxb7 Nxb7 12. Nf3 d6 13. O-O Nf6 $11) 8. Bb2 {A double-edged decision. White
doesn't mind swapping the dark-squared bishops, but the b-file is locked now.}
(8. b5 Na5 9. Bxb7 Nxb7 10. Bb2 Nf6 {releases the pressure and gives Black a
comfortable game.}) ({The following alternatives led to a long strategic
battle:} 8. Qa4 Qd7 9. Nf3 e6 10. Bb2 Nge7 11. Ne4 Bxb2 $6 (11... O-O $11) 12.
Rxb2 $14 {1/2-1/2 Miezis,N (2564)-Vehi Bach,V (2425)/Santa Cruz de la Palma
2005/CBM 106 ext (21)}) (8. Nf3 Qd7 9. O-O Rc8 10. Qa4 Nh6 11. b5 Na5 12. d3
Nf5 13. Bd2 O-O 14. e3 e6 $11 {1-0 Colovic,A (2471)-Pogorelov,R (2459)/
Balaguer 2008/CBM 125 Extra (55)}) 8... e6 $146 {A logical novelty - Black's
setup looks rather flexible now.} (8... Qd7 {was played before and is also
good for Black:} 9. Qa4 Nf6 (9... Nh6 10. Nf3 O-O 11. O-O $11) (9... f5 10. Nd5
Bxb2 11. Rxb2 e6 12. Nf4 Nge7 $11 {0-1 Silva,F (2344)-Lazarev,V (2459)/Lisbon
2001/EXT 2002 (35)}) 10. bxc5 dxc5 11. Nf3 O-O 12. O-O $11) 9. Nb5 {This
active move doesn't really pose Black any problems.} ({The normal} 9. Nf3 Nge7
10. O-O O-O 11. Qb3 Qd7 $11 {should be preferred}) 9... Bxb2 ({It was possible
also to keep the dark-squared bishops on the board:} 9... Nf6 $5 10. d4 cxd4
11. Nxd4 Qd7 $11) 10. Rxb2 Nge7 11. e3 $2 {White is undeveloped and hardly can
afford delaying castling again.} ({Accuracy was already required:} 11. bxc5
$142 dxc5 12. Nf3 Ne5 13. Qb3 a6 14. Nc3 Bxf3 15. Bxf3 Nxf3+ 16. exf3 $11 {
The pressure along the b-file compensates for the obvious drawback of White's
pawn chain.}) 11... O-O 12. Nf3 {This way of development has a clear
refutation, but I can hardly recommend anything better.} ({After} 12. d3 cxb4
13. axb4 d5 $17 {Black is clearly better due to his advantage in development.})
({Also after} 12. d4 cxd4 13. Nxd4 Qb8 14. Ngf3 Ne5 $17 {White can hardly
avoid a loss of material.}) 12... Ne5 13. d3 Bxf3 14. Bxf3 {Obviously the last
moves of Leinier were quite forced.} d5 $1 {Caruana had a pleasant choice here,
but the text move is strongest.} (14... a6 15. Nc3 d5 16. cxd5 Rc8 17. b5 c4
18. O-O cxd3 19. Rb3 a5 $15) 15. Be2 {A sad necessity.} (15. cxd5 Nxd5 16. O-O
a6 17. Bxd5 exd5 18. Nc3 d4 $17) (15. O-O dxc4 $1 16. Bxa8 Qxa8 17. dxc4 Rd8
18. Qc1 Nf3+ 19. Kh1 cxb4 20. axb4 Ne1+ 21. f3 Nd3 $17) 15... d4 $2 {A serious
mistake. The closed type of position allows White to consolidate now.} ({
A much stronger move was} 15... a6 $142 16. Nc3 cxb4 17. axb4 (17. Rxb4 d4 18.
Nb1 N7c6 19. Rb2 b5 $17) 17... dxc4 18. d4 (18. dxc4 Qxd1+ 19. Kxd1 Rac8 $17)
18... Nd7 19. b5 Nd5 20. Qc1 Qc8 $17 {and Black keeps a sound extra pawn.}) 16.
exd4 cxd4 17. a4 {The only way to save the knight.} a6 18. Na3 a5 19. O-O $6 {
This natural move enables Fabiano to get control over the dark squares.} ({
There was no reason to deviate from the most active continuation:} 19. Nb5 axb4
({After} 19... N7c6 20. f4 Nd7 21. Bf3 Nxb4 22. Bxa8 Qxa8 23. O-O Nc5 24. Rd2 {
Black has some compensation for the exchange, but White is definitely doing
well here.}) 20. Rxb4 N7c6 21. Rb1 Nd7 22. O-O Nc5 23. Bf3 $11) 19... axb4 20.
Rxb4 Qd6 21. Nc2 ({Dominguez had another defensive resource at his disposal:} 
21. Qb3 Ra6 22. Ra1 (22. f4 Nd7 23. Nb5 Qc5 $15) 22... Rfa8 23. Qb2 N7c6 24.
Rxb6 Rxb6 25. Qxb6 Rxa4 26. Nc2 Rxa1+ 27. Nxa1 Qa3 28. Qb1 $15 {Black is still
better here, but the reduced material balance makes the task of winning
difficult.}) 21... Nd7 22. Qa1 e5 {Black's main idea is advancing the central
pawns. However, it takes a lot of time to do it.} ({After} 22... Nc6 23. Rb5
Nc5 24. Rxb6 Nxa4 25. Rxc6 Qxc6 26. Nxd4 Qd7 27. Rd1 $15 {it would not be easy
to convert the material advantage into a full point.}) 23. f4 f6 24. Rb5 (24.
Qb2 $1 {was stronger, forcing Black to find the precise} Rab8 $1 (24... Nc6 25.
Rb5 Nc5 26. Bf3 Nxa4 27. Qb3 $132) (24... Ra6 25. Rb5 Kg7 26. fxe5 fxe5 27.
Rxf8 Kxf8 28. Ne1 $11) 25. Rb5 Nc5 $15) 24... Nc5 25. fxe5 fxe5 26. Rxf8+ $2 {
Allowing Black to seize the open f-file and develop a decisive attack.} ({
Instead,} 26. a5 $1 Rxa5 27. Rxa5 bxa5 28. Rxf8+ Kxf8 29. Qxa5 e4 30. Ne1 $15 {
promises White great drawing chances.}) 26... Rxf8 27. a5 {Now it's too late.}
(27. Rb1 Nf5 $19) (27. Nb4 e4 $19) 27... bxa5 28. Qxa5 Nc6 29. Qe1 (29. Rb6 Qf6
30. Qe1 e4 $19) 29... e4 $19 {Now, when White's rook is far away from the king,
this move comes with decisive effect.} 30. Nb4 (30. Qd1 Ne5 31. Ne1 h5 $19)
30... Ne5 31. dxe4 d3 {White's king is helpless. The rest is easy.} 32. Bd1
Qd4+ 33. Kg2 d2 34. Qe2 Nxe4 0-1

[Event "Tashkent FIDE GP"]
[Site "Tashkent"]
[Date "2014.10.21"]
[Round "1"]
[White "Caruana, Fabiano"]
[Black "Vachier Lagrave, Maxime"]
[Result "0-1"]
[WhiteElo "2844"]
[BlackElo "2757"]
[Annotator "Ftacnik,L"]
[PlyCount "102"]
[EventDate "2014.10.21"]
[EventType "tourn"]
[EventRounds "11"]
[EventCountry "UZB"]
[EventCategory "21"]
[SourceTitle "CBM 163"]
[Source "ChessBase"]
[SourceDate "2014.11.11"]
[SourceVersion "1"]
[SourceVersionDate "2014.11.11"]
[SourceQuality "1"]

1. e4 c5 2. Nf3 d6 3. d4 cxd4 4. Nxd4 Nf6 5. Nc3 a6 6. f3 e5 7. Nb3 Be6 8. Be3
Be7 9. Qd2 O-O 10. O-O-O Nbd7 11. g4 b5 12. Rg1 {White is waiting with the
g4-g5 move with a useful rook development. The heavy artillery can later dream
about transfer to the queenside via the 4th rank.} Nb6 (12... b4 13. Nd5 Bxd5
14. exd5 a5 15. g5 Nh5 16. Kb1 a4 17. Nc1 $14) 13. Na5 (13. g5 Nh5 14. Nd5 Bxd5
15. exd5 Rc8 16. Na5 Nxd5 17. Qxd5 Qxa5 18. Kb1 Qc7 19. Bd3 g6 20. h4 Rb8 21.
Be4 {1/2 (21) Zhigalko,S (2647)-Borovikov,V (2599) Alushta 2010}) 13... Rc8 {
Vachier Lagrave occupies the semi-open c-file with a rook, Black needs to
think about a sensible queenside counter-attack.} (13... Qc7 14. g5 Nh5 15. Nd5
Bxd5 16. exd5 Nxd5 17. Qxd5 Qxa5 18. Kb1 $11) 14. g5 Nh5 15. Kb1 Qc7 {The
whole line was worked out to a great degree, but Black retains some
flexibility in his options. Two ideas worth mentioning are an attempt to save
tempo with the immediate 15...g6 or even the spoiling of White's plan by
moving to f4.} (15... g6 16. a3 (16. Nd5 Nxd5 17. exd5 Bxd5 18. Qxd5 Qxa5 19.
c4 (19. Bd3 $5) 19... Nf4 (19... Rb8 20. Rg4 Ng7 21. h4 Nf5 22. Bf2 Bd8 23.
cxb5 axb5 24. Bd3 b4 25. Qb3 $44 {1/2 (61) Anand,V (2791)-Karjakin,S (2706)
Nice 2009}) 20. Bxf4 exf4 21. cxb5 axb5 22. Qxb5 Qa7 $13) 16... Qc7 17. Nd5
Nxd5 18. exd5 Bxd5 19. Qxd5 Qxa5 20. Rg4 (20. Bd3 Rfd8 21. Rg4 Rb8 22. Rh4 $1 {
A very strong move. Now Black can't avoid Rxh5 and Qe4 with a decisive attack.}
Qc7 23. Rxh5 $1 gxh5 24. Qe4 f5 25. Qxf5 Bf8 26. g6 $18 {1-0 (37) Ter Sahakyan,
S (2567)-Wei,Y (2418) Athens 2012}) 20... Ng7 21. h4 Qc7 22. c4 Ne6 23. Bd3 Qb8
24. cxb5 Nc7 25. Qb3 d5 26. h5 Nxb5 $11 {1-0 (47) Svidler,P (2756)-Sjugirov,S 
(2653) Loo 2014}) (15... Nf4 16. a3 g6 (16... Qc7 17. Bxf4 exf4 18. Nd5 Nxd5 (
18... Bxd5 19. exd5 Qc5 20. Rg4 Rfe8 21. h4 Bf8 22. Rxf4 Nxd5 23. Nb3 {1/2 (25)
Leko,P (2735)-Anand,V (2772) Wijk aan Zee 2013}) 19. exd5 Bxd5 20. Qxd5 Qxa5
21. Bd3 g6 22. h4 Rc5 23. Qe4 Re5 24. Qxf4 Rb8 25. c3 Qb6 26. Bc2 a5 27. Bb3
$36 {1/2 (45) Dominguez Perez,L (2712)-Van Wely,L (2641) Wijk aan Zee 2010})
17. h4 Qc7 (17... d5 18. Bxf4 exf4 19. Nxd5 Nxd5 20. exd5 Bxd5 21. Qxd5 Qxa5
22. Bd3 Rfd8 23. Qb3 Rc5 24. Be4 $14) 18. Bxf4 exf4 19. Nd5 $1 Bxd5 20. exd5
Nxd5 {This is forced, otherwise Nc6 is very unpleasant.} 21. Qxd5 Qxa5 22. Rg4
$1 Rc5 23. Qb3 d5 24. Rxf4 Qc7 25. Rfd4 Qh2 26. c3 Rd8 27. Qc2 $1 {1-0 (41)
Anand,V (2783)-Topalov,V (2793) Stavanger 2013}) (15... b4 16. Nd5 $1 Nxd5 17.
exd5 Qxa5 18. dxe6 fxe6 19. Bh3 Kf7 $2 20. g6+ $1 hxg6 21. Qg2 $18) 16. Nd5
Nxd5 17. exd5 Bxd5 18. Qxd5 Qxa5 19. Bd3 {The transfer of the rook via g4
deserves serious attention now or on the next move. Caruana has to seek
positional compensation for the sacrificed pawn and maximising the impact of
his pieces must surely be a sensible strategy.} (19. Rg4 $5 Qc7 20. Bd3 Qc6 (
20... g6 21. h4 Qd7 22. a4 bxa4 23. Bxa6 Rb8 24. Rd3 Ng7 25. Ra3 Ne6 {0-1 (68)
Zhigalko,A (2538)-Dydyshko,V (2574) Minsk 2007} 26. Rc4 $11) 21. Qxc6 Rxc6 22.
a4 bxa4 23. Rxa4 d5 24. Rxa6 Rc7 25. c3 g6 26. Ra5 Rb8 27. Rxd5 Rxc3 28. Rxe5
Ba3 {1-0 (37) Kramnik,V (2777)-Vallejo Pons,F (2663) Monte Carlo 2004} 29. Bc1
$14) 19... g6 20. c4 (20. Rg4 Nf4 21. Bxf4 exf4 22. h4 Rc5 23. Qd4 Re5 24. Be4
Qc7 25. Bd5 Rc8 26. c3 b4 27. Qxb4 Rb8 28. Qd4 Re2 29. Rd2 Re1+ 30. Kc2 $16 {
1-0 (38) Zherebukh,Y (2586)-Onischuk,V (2498) Alushta 2011}) 20... Nf4 21. Bxf4
exf4 22. cxb5 axb5 23. Qxb5 Qa7 {Black has given up the queenside pawns, but
open files against the white king promise serious compensation in the
complicated middlegame with opposite coloured bishops. Please note that the
second player enjoys relative safety for his monarch.} 24. Be4 (24. Rge1 Rc7
25. Bc4 (25. Rc1 Rb7 26. Qd5 Bxg5 27. Qxg5 Qd4 28. Bb5 h6 29. Qg1 Qxg1 30. Rxg1
Rxb5 31. Rc4 $11) 25... Rb8 26. Qd5 Bf8 (26... Bxg5 $15) 27. Bb3 Qf2 28. Qd3
Qxh2 29. Re2 Qh3 $15 {0-1 (55) Gonzalez de la Torre,S (2459)-Sarralde Osua,R 
(2351) Zornotza 2014}) 24... Rc7 25. Bd5 (25. Qd5 Rb8 26. Qd4 Qa6 27. Rc1 Rxc1+
28. Rxc1 Bxg5 29. Bd5 Bf6 30. Qxf6 Qd3+ 31. Ka1 Qxd5 32. Qxf4 $11) 25... Qf2 $1
{An excellent strategy of combining attack on both flanks. The elimination of
the h2-pawn will play a great role later in the game.} (25... Rb8 26. Qd3 Bf8
27. Bb3 Qf2 $15) 26. Qb3 (26. h3 $2 Bxg5 $1 $17) 26... Qxh2 27. a4 Qf2 28. Rc1
Ra7 {The choice between exchanging the rooks and keeping more pieces on the
board was important and difficult for Black. The defender would like to slow
down the advance of the a-pawn.} (28... Rc5 29. Rxc5 dxc5 30. Rd1 Qe3 31. Ka2
Bxg5 32. a5 $11) 29. Qb4 Qe3 30. Rcd1 (30. Qb5 Rxa4 $1 31. Qxa4 Qd3+ 32. Qc2
Qxd5 33. Qc6 Qd3+ 34. Rc2 Qf5 $15) 30... Qe5 31. Qb5 Kg7 (31... Rc7 32. Bc6
Rfc8 33. Qxe5 dxe5 34. Be4 Ra7 35. b3 $11) 32. Bc6 Rc8 33. Rg2 $2 {[%mdl 32]
The critical moment of the middlegame as Caruana has probably missed the very
strong reply by Black. The g5-pawn will fall and endgames will be painful for
White.} (33. Rde1 $1 Qd4 34. Rd1 Qf2 35. Rdf1 Qd2 36. Rc1 $11) 33... d5 $1 34.
Bxd5 (34. Rxd5 Qe1+ 35. Ka2 Qe6 36. Rc2 (36. Bd7 $2 Rxa4+ 37. Qxa4 Qxd5+ $19)
36... Bxg5 37. Kb1 Bf6 $17) (34. Qxd5 Qxd5 35. Bxd5 Rxa4 $17) 34... Rc5 $5 (
34... Rb8 35. Re2 Qf5+ 36. Qd3 Qxd3+ 37. Rxd3 Bxg5 38. Bc6 h5 $17) 35. Qb3 Bxg5
{Black will be a pawn up and his king remains very safe. Both aspects give him
excellent winning chances as White struggles to get his pieces aligned.} 36.
Bc4 (36. Qb6 Rxd5 37. Rxd5 Qxd5 38. Qxa7 Bf6 39. Rc2 Qd1+ 40. Rc1 Qxf3 41. Qc5
h5 $17) 36... Bf6 37. Re2 Qf5+ 38. Re4 (38. Bd3 Qg5 39. Rdd2 h5 $17) 38... Re5
{Move 40 has a very tainted reputation in practical chess. The main time
control with all forms of time trouble for one or both players have influenced
too many games in chess history. Vachier Lagrave dis not suspect that the
advance of the h-pawn would promise him an easier win.} (38... h5 $1 39. Bd3
Qg5 40. Re8 Qg2 41. Bb5 h4 $19) 39. Rde1 Rxe4 (39... h5 $1 40. Bd3 Rxe4 41.
Rxe4 Qg5 $19) 40. Rxe4 Re7 (40... h5 $1 41. Qb5 Qh3 42. Rxf4 Qh2 43. Rxf6 Qg1+
44. Ka2 Kxf6 $19) 41. Bd3 Rxe4 42. Bxe4 Qd7 43. Qb5 {Caruana is desperate, as
he has understood that with queens on the board he will not be able to stop
Black's h-pawn running towards h1.} (43. a5 h5 44. a6 h4 45. Bb7 (45. Qb7 Qd1+
46. Ka2 h3 47. Bd5 (47. a7 Qa4+ 48. Kb1 h2 $19) 47... Qa4+ 48. Kb1 h2 49. Qxf7+
Kh6 $19) 45... h3 46. a7 h2 47. a8=Q h1=Q+ 48. Ka2 Qc1 49. Qaa3 (49. Qb4 Kh6
$19) 49... Qdd2 $19) 43... Qxb5 44. axb5 Bd4 45. Kc2 h5 46. b6 (46. Bd3 f5 47.
Bc4 Kf6 48. Kd3 Bb6 $19) 46... Bxb6 47. Kd1 f5 48. Bc6 g5 49. Bd7 Kf6 50. Ke2
g4 {Unfortunately for White it is impossible to stop the pawns on the kingside
as Black can boast of 4 against one.} 51. Kf1 Kg5 (51... Kg5 52. Kg2 h4 53. Kh2
h3 54. Bb5 Kh4 $19) 0-1

[Event "Tashkent FIDE GP"]
[Site "Tashkent"]
[Date "2014.10.26"]
[Round "5"]
[White "Caruana, Fabiano"]
[Black "Mamedyarov, Shakhriyar"]
[Result "1/2-1/2"]
[WhiteElo "2844"]
[BlackElo "2764"]
[Annotator "Roiz,M"]
[PlyCount "68"]
[EventDate "2014.10.21"]
[EventType "tourn"]
[EventRounds "11"]
[EventCountry "UZB"]
[EventCategory "21"]
[SourceTitle "CBM 163"]
[Source "ChessBase"]
[SourceDate "2014.11.11"]
[SourceVersion "1"]
[SourceVersionDate "2014.11.11"]
[SourceQuality "1"]

1. d4 d5 2. c4 c6 3. Nf3 Nf6 4. e3 Bg4 5. Nc3 e6 6. Qb3 Qb6 7. Nh4 Bh5 8. h3
Qxb3 $5 {A principled way to handle this fashionable theoretical position. Now
Black gets a safe square on b4 for the knight.} ({Black has a wide choice of
solid alternatives here:} 8... g5) (8... Be7) (8... Nbd7) (8... Bg6) 9. axb3
Na6 10. g4 Nb4 11. Ke2 {Keeping the king in the centre makes much sense in the
endgame.} (11. gxh5 $2 Nc2+ 12. Kd1 Nxa1 $19) ({Black didn't experience any
difficulties after} 11. Ra4 Bg6 12. Nxg6 hxg6 13. f3 (13. c5 a5 14. Be2 Be7 (
14... Nd7 15. Na2 b5 16. Nxb4 bxa4 17. Nxc6 axb3 18. Bb5 f6 19. Bd2 $44) 15.
Bd2 e5 16. Na2 Nxa2 17. Rxa2 Ne4 18. Rxa5 Rxa5 19. Bxa5 exd4 20. exd4 Bf6 21.
Bc3 Kd7 $11) 13... a5 14. Kf2 b6 15. Kg2 Be7 16. Be2 Kd7 17. Bd2 Kc7 18. Raa1
Kb7 19. Rad1 Rad8 $11 {1/2-1/2 Lupulescu,C (2648)-Jianu,V (2508)/Sarata
Monteoru 2012/CBM 147 Extra (23)}) 11... g5 $1 {The most principled response -
Black prefers to change the pawn structure.} ({A quiet alternative} 11... Bg6
12. Nxg6 hxg6 13. Bg2 Be7 14. Bd2 $14 {was played in a couple of games and it
gives White a small, but stable advantage.} a5 (14... Nd7 15. f4 f5 16. g5 Kf7
17. Rhc1 Rhc8 18. h4 Rh8 19. Be1 a5 20. Nb1 Ra6 21. Nd2 Rha8 22. Nf3 $14 {
1/2-1/2 Gnusarev,P (2381)-Ponkratov,P (2589)/Pavlodar KAZ 2012 (29)}) 15. Rhc1
(15. c5 $5) 15... b6 16. Na4 Nd7 17. cxd5 cxd5 18. Bf1 Bd6 19. Kf3 Ke7 20. Kg2
Rhb8 21. Nc3 $14 {1/2-1/2 L'Ami,E (2628)-Smeets,J (2662)/Wijk aan Zee 2011/CBM
141 (27)}) 12. gxh5 gxh4 13. Bg2 ({GM Alexei Dreev is a real expert in this
line, but he was unable to pose any problems after} 13. Kf3 Rg8 14. Bd2 Rg5 15.
c5 e5 {<=>1-0 Dreev,A (2698)-Ernst,S (2578)/Plovdiv 2012}) 13... Nxh5 {Black's
extra pawn does not have much value here, but the open g-file is a more
important factor.} 14. Bf3 ({Black should be also OK after} 14. Bd2 Be7 15. Ra4
Kd7 16. c5 a5 17. Rha1 Nc2 18. Rc1 Nb4 19. Na2 Nxa2 (19... b5 20. Ra3 Nxa2 21.
Rxa2 Bd8 22. Rca1 Rg8 23. Bf3 Nf6 24. Bxa5 Rxa5 25. Rxa5 Bxa5 26. Rxa5 Rg1 27.
Ra7+ Ke8 28. Rc7 Rb1 $11) 20. Rxa2 Bd8 21. b4 Rg8 22. Bf3 Nf6 23. bxa5 Ne4 24.
Bxe4 dxe4 $11) 14... Nf6 15. Bd2 Be7 $146 {GM Mamedyarov comes up with a
logical novelty. It general, the following game is quite important for theory
and offers Black easy equality.} ({Instead, the inaccurate} 15... Nd7 16. Ra5
Nb6 $6 (16... b6 $142 17. Raa1 a5) 17. c5 {is too slow and gives White time to
extend the q-side initiative:} Nc8 18. Rha1 Na6 19. Rxa6 bxa6 20. Rxa6 Kd7 21.
b4 $36 {1-0 Wojtaszek,R (2711)-Popov,I (2644)/Zurich SUI 2013}) 16. Rhc1 {
White has no many effective ideas here - the e3-e4 advance shouldn't be
delayed for a long time, since the dark-squared bishop has no job.} ({A
natural alternatives would be} 16. Ra4 Kd7 17. c5 a5 18. Rha1 Nc2 19. Rc1 Nb4
$11 20. Na2 (20. Rca1 Nc2 21. R1a2 Nb4 {is just a draw.}) 20... Nxa2 21. Rxa2
b6 22. cxb6 Rhb8 23. Rxa5 Rxa5 24. Bxa5 Bd8 $11) 16... Kd7 {Black's king is
quite safe in the centre.} 17. e4 dxe4 18. Bxe4 (18. Nxe4 {does not promise
anything either:} Nxe4 19. Bxe4 a5 20. Bc3 f5 21. Bf3 Rhg8 $11) 18... Nxe4 {
Shakhriyar prefers to exchange one of White's bishops.} ({Nor was there
anything wrong with} 18... Rhg8 19. Bf3 a5 20. Na2 Kc7 $11) 19. Nxe4 Na6 {
This move looks like a concession, but the knight will find another good
square soon.} (19... b6 20. Ng5 Bxg5 21. Bxg5 a5 22. Bxh4 Rhg8 $11) 20. Ra5 {
Fabiano is trying to keep some pressure on the board.} (20. Ng5 Bxg5 21. Bxg5
Nb4 22. Bxh4 Rhg8 23. Ra4 a5 $11) 20... f5 {Restricting rook activity along
the 5th rank.} 21. Ng5 Bd8 22. Raa1 Bf6 {Reminding White about his weaknesses
as well.} 23. Nf3 c5 $1 {A correct decision.} ({The inaccurate} 23... Rhg8 $6
24. b4 Nc7 25. Bf4 {would lead to a passive position.}) 24. Bc3 cxd4 ({After} 
24... Ke7 25. Rd1 Rhd8 26. dxc5 Rxd1 27. Bxf6+ Kxf6 28. Rxd1 Nxc5 29. b4 Na4
30. Rd7 Nxb2 31. Rxb7 Nxc4 32. Rxh7 $11 {a draw becomes unavoidable.}) 25. Nxd4
Nc5 {Black is still a pawn up, so White cannot push too hard.} 26. Rd1 Ke7 27.
Bb4 ({Another way to simplify the position was} 27. Nc6+ bxc6 28. Bb4 Rhb8 29.
Bxc5+ Ke8 30. Rd6 Rxb3 31. Rxe6+ Kf7 32. Rxc6 Rxb2+ 33. Kf1 Rxf2+ 34. Bxf2 Bxa1
35. Ra6 $11) 27... Rhc8 28. Nb5 a5 ({Avoiding the unnecessary complications
after} 28... Bxb2 29. Ra2 (29. Rxa7 Rxa7 30. Nxa7 Rc7 31. Nb5 Rc6 $11) 29...
Bf6 30. Nxa7 Kf7 31. Bxc5 Rxc5 32. Rd7+ Kg6 33. Rxb7 Re5+ $44) 29. Rxa5 Rxa5
30. Bxa5 Bxb2 31. Bb4 Be5 {Now White has no reasons to avoid a draw.} (31... b6
32. Rd6 Kf6 33. Rxb6 Nxb3 34. c5 Nd4+ 35. Kd3 Nxb5 36. Rxb5 $11) 32. Na7 Rc7
33. Nb5 Rc8 34. Na7 Rc7 1/2-1/2